000 01226ngm a22003490a 4500
001 PT25318
003 AR-LpoUNG
005 20210202000353.0
007 vd cvaizq
008 191001s2007||||ag |||||||||||||||||spa d
037 _c$8,3
040 _aAR-LpoUNG
_bspa
_cAR-LpoUNG
_eaacr
041 _aspa
_aeng
044 _aag
082 0 _a305.909 132cam
100 1 _aGaggero, Jorge
_edir.
245 1 0 _aCama adentro
260 _aSan Luis :
_bAVH,
_c2007.
300 _aDVD (83 min.) : son., col.
505 0 _aDíalogos en castellano, subtítulos en inglés
520 _aBeba es una mujer de la clase media alta argentina que ve venirse a menos su status con la cada vez más tremenda hecatombe financiera de su país. A partir de allí, todo cambia en su vida, principalmente su relación con su mucama de toda la vida, Dora, testigo silente de los últimos y tambaleantes bastiones económicos de su patrona, quien hace seis meses que no puede pagarle el sueldo.
650 4 _aARGENTINA
650 4 _aINDIVIDUOS
650 4 _aRELACIONES HUMANAS
650 4 _aSOCIEDAD
651 4 _aArgentina
653 _aCINE ARGENTINO
653 _aDVD
653 _aVIDEOS
905 _a25318
942 _cDVD
999 _c54733
_d54733